000 00275 a2200109 4500
000 nam a22 7a 4500
005 20260318112857.0
100 _aGhosh, Pradip
_91132410
245 _aIntroduction to protein spectrometry
260 _bAcademic press
_c2024
942 _cTEXL
999 _c1715667
_d1715667